Ботаника (Запис номер 389815)
[ съкратено ]
| 000 -Лидер | |
|---|---|
| Контролно поле с фиксирана дължина | nam a22 7a 4500 |
| 003 - Код на организацията, давaща контролен номер | |
| Контролно поле | BLK |
| 005 - Дата и час на последна редакция | |
| Контролно поле | 20201009095224.0 |
| 008 - Елементи от данни с фиксирана дължина | |
| fixed length control field | 200623b bu ||||| |||| 00| 0 bu d |
| 040 ## - Източник на каталожния запис | |
| Идентификатор на билиотеката - собственик на записа | BLK |
| 041 ## - Код за език | |
| Код за езика на текст/звукозапис или на отделно заглавие | Български |
| Код за езика КДБФ | Български |
| 080 ## - УДК | |
| Текстов определител УДК | Ботаника в основното училище |
| УДК код - определител по УДК | 372.858 |
| УДК определител | (075.2) |
| УДК - код + определител | 372.858(075.2) |
| 100 ## - Редна дума - Автор | |
| Автор | Покорний, А. |
| Авторска отговорност | първи автор |
| R(LIN) | 435118 |
| 139 ## - Редно поле | |
| Редна дума | Покорний, А. |
| 245 ## - Сведения за заглавието | |
| Заглавие | Ботаника |
| Подзаглавни данни | С образи : за долните класове на реалните и гимназиални училища |
| Редно поле (дума) | А. Покорний; прев. И. К. Урумов |
| 257 ## - Страна на издаване | |
| Страна на създаване/издаване | Австрия |
| 260 ## - Област на издателските данни | |
| 9 (RLIN) | 435119 |
| Място на издаване, разпространение и проч. | Виена |
| Име на издателя, разпространителя и проч. | Димитър Ив. Цанев |
| Година на издаване | 1882 |
| Печатница | печ. на И. Н. Вернай |
| 300 ## - Физическа характеристика | |
| Страници | 251 с. |
| Илюстрации и др. | с ил. |
| Размери/Мащаб | 20 см |
| 380 ## - Жанр | |
| Жанр | Естествени науки. Математика |
| 490 ## - СЕРИИ (Колекции) | |
| 9 (RLIN) | 435080 |
| Име на серия | Колекция Редки и ценни издания |
| 501 ## - Забележка „подвързано към” | |
| Забележка: Подвързано към... | Азб. показалец. |
| 650 #0 - Допълнително описание по предмет – тема | |
| 9 (RLIN) | 246819 |
| Основно описание – тема или топоним | Ботаника - учебници за основни училища |
| 653 #7 - Ключова дума – ненормативна | |
| 9 (RLIN) | 182340 |
| Ключова дума | ботаника |
| 700 ## - Други автори (авторска отговорност) | |
| 9 (RLIN) | 435120 |
| Лично име | Урумов, И. К. |
| Автороска отговорност (Описва отношението между автора и произведението) | прев. |
| 852 ## - Местоположение | |
| Форматна сигнатура | Рб 882 |
| Фондова буква | Редки и ценни |
| 999 ## - СИСТЕМНИ КОНТРОЛНИ НОМЕРА | |
| Koha biblionumber | 389815 |
| Koha biblioitemnumber | 389815 |
| 942 ## - АРТИКУЛИ | |
| Вид на библиотечния материал | Книги |
| Скрит в OPAC | Не |
| Периодичен библиозапис | Да |
| 944 ## - СЪЗДАВАНЕ И РЕДАКЦИЯ на ЗАПИСА | |
| Създаване/Редакция | Създаване |
| Дата на регистрацията/редакция | 2020-10-09 |
| Служител, извършил регистрацията/редакцията | НР |
| Код за отписване | Код за изгубен артикул | Източник на класификационната схема | Код за повреда | Коз за рестрикции | Код за отдаване | Артикулен № | Име на библиотеката - собственик | Име на библиотеката, в която се намира в момента | Статус (Текущо местоположение) | Дата на вписване в системата | Местоположение - отдел | Цена в лева | Инвентарен номер | Систематично азбучна сигнатура | Баркод | Цена в евро | Служебен тип на артикула |
|---|---|---|---|---|---|---|---|---|---|---|---|---|---|---|---|---|---|
| Не е изгубен | Universal Decimal Classification | Не е повреден | само за читалня | Специални фондове ( старопечатни, редки и ценни, фонд М. Арнаудов) | 803503 | Регионална библиотека "Любен Каравелов" Русе | Регионална библиотека "Любен Каравелов" Русе | Редки и ценни | 2020-10-15 | Редки и ценни | 0.21 | 8586 | Рб 882 | 900000020953 | 0.11 | Книги |